|
|
|
|
| LEADER |
00682nta a2200169 i 4500 |
| 001 |
dipl74589 |
| 005 |
20190527080520.0 |
| 008 |
190524s2018 hu om 0|| hun d |
| 040 |
|
|
|a SZTE Diploma Repozitórium
|b hun
|
| 041 |
|
|
|a hun
|
| 100 |
1 |
|
|a Gaál Tímea
|
| 245 |
1 |
2 |
|a A cirill betűs nevek átírásának újbóli szabályozása
|h [elektronikus dokumentum] /
|c Tímea Gaál
|
| 246 |
1 |
0 |
|a The latest regulation of the transliteration of the cyrillic names
|h [elektronikus dokumentum]
|
| 260 |
|
|
|c 2018
|
| 650 |
|
4 |
|a Bölcsészettudományok
|
| 700 |
1 |
|
|a Kocsis Mihály
|e ths
|
| 856 |
4 |
0 |
|u http://diploma.bibl.u-szeged.hu/id/eprint/74589/1/2018_Ga%C3%A1l_T%C3%ADmea_V8THO2_SZ.pdf
|z Dokumentum-elérés
|